Mitteilungen der Eidgenössischen Forschungsanstalt für Wald, Schnee und Landschaft. (Registro nro. 16983)
[ vista simple ]
| 000 -CABECERA | |
|---|---|
| Campo de control | 00920nas a2200229 a 4500 |
| 005 - FECHA Y HORA DE LA ULTIMA TRANSACCION | |
| Campo de control | 20180613144015.0 |
| 008 - ELEMENTOS DE LONGITUD FIJA—INFORMACION GENERAL | |
| Campo de control | 910924d19911998sz qr m f0 |b0ger d |
| 022 ## - ISSN | |
| ISSN | 1016-3158 |
| 040 ## - FUENTE DE CATALOGACIÓN | |
| Agencia catalogadora original | NcRS |
| Agencia transcriptora | NcRS |
| Agencia Modificadora | OUCA |
| -- | NNBG |
| -- | CO-BoIAVH |
| 041 0# - IDIOMA | |
| Código de idioma para texto/pista de sonido o título separado | Alemán |
| Código de idioma del sumario o resumen/título o subtítulo sobreimpreso | eng |
| 090 ## - CLASIFICACIÓN LOCAL | |
| Colección | SE |
| 245 00 - MENCION DE TITULO | |
| Título | Mitteilungen der Eidgenössischen Forschungsanstalt für Wald, Schnee und Landschaft. |
| 246 13 - FORMA VARIANTE DEL TITULO | |
| Título propiamente dicho/forma breve del título | Mitteilungen WSL. |
| 260 ## - PUBLICACION, DISTRIBUCION, ETC. (PIE DE IMPRENTA) | |
| Lugar de publicación, distribución, etc. | Birmensdorf, Switzerland : |
| Nombre del editor, distribuidor, etc. | WSL, |
| Fecha de publicación, distribución, etc. | 1991-1998. |
| 300 ## - DESCRIPCION FISICA | |
| Otros detalles físicos | ilustraciones ; |
| Dimensiones | 24 cm. |
| 650 26 - ASIENTO SECUNDARIO DE MATERIA - TERMINO TEMATICO | |
| Término temático o nombre geográfico como elemento de entrada | Recursos forestales |
| Subdivisión geográfica | Suiza |
| Subdivisión de forma | Publicaciones periódicas |
| 9 (RLIN) | 91568 |
| 650 26 - ASIENTO SECUNDARIO DE MATERIA - TERMINO TEMATICO | |
| Término temático o nombre geográfico como elemento de entrada | Bosques |
| Subdivisión geográfica | Suiza |
| Subdivisión de forma | Publicaciones periódicas |
| 9 (RLIN) | 91569 |
| 710 2# - ASIENTO SECUNDARIO - NOMBRE CORPORATIVO | |
| Nombre corporativo o de jurisdicción como elemento de entrada | Eidgenössische Forschungsanstalt für Wald, Schnee und Landschaft |
| 9 (RLIN) | 91567 |
| 780 00 - ASIENTO DEL TITULO ANTERIOR | |
| Title | Mitteilungen (Eidgenössische Anstalt für das Forstliche Versuchswesen) ; |
| International Standard Serial Number | 0251-4133 |
| 785 00 - SUCCEEDING ENTRY | |
| Title | Forest, snow and landscape research |
| International Standard Serial Number | 1424-5108 |
| 942 ## - ELEMENTOS ADICIONALES (KOHA) | |
| Sistema de clasificación | Local |
| Tipo de ítem | Periodica o revista |
| Withdrawn status | Lost status | Sistema de Clasificación | Damaged status | No para préstamo | Colección | Fecha publicación (Año) | Volumen revista | Número revista | Ubicación Permanente | Ubicación actual | Fecha de adquisición | Datos de publicación Seriada | Total Checkouts | Número topográfico | Inventario / Código de Barras | Date last seen | Ejemplar | Price effective from | Forma de adquisición | Tipo de material |
|---|---|---|---|---|---|---|---|---|---|---|---|---|---|---|---|---|---|---|---|---|
| Local | Hemeroteca | 1995 | 70 | 1 | Bogotá | Bogotá | 26/09/2007 | Vol 70, Nro 1 (1995) | SE | 025311 | 25/03/2015 | Ej. 1 | 25/03/2015 | Donación | Periodica o revista |